| 000 | 00984nam a2200241 4500 | ||
|---|---|---|---|
| 001 | 174435 | ||
| 003 | ES-MaACL | ||
| 005 | 20260126125558.0 | ||
| 008 | 100421s1994 sp |||| | spa d | ||
| 100 | 1 |
_aCoppola, Salvattori. _9142541 |
|
| 245 | 1 | 0 |
_aClaves y aproximaciones : la narrativa obra de Antonio Montero Abt / _cSalvattori Coppola. Epitafio / de Antonio Montero. Taller literario del Ateneo / director, Eduardo Baquedano. |
| 246 | 3 | _aEpitafio | |
| 246 | 3 | _aTaller Literario del Ateneo | |
| 260 |
_aSantiago de Chile : _bAteneo, _c1994. |
||
| 300 |
_a51 p. ; _c18 cm. |
||
| 500 | _aEn la portada: Ateneo de Santiago, 1ª Jornada General 1994. | ||
| 600 | 1 | 7 |
_aMontero Abt, Antonio- _xCrítica e interpretación _2 _9142551 |
| 610 | 2 |
_aAteneo de Santiago de Chile- _vCongresos y asambleas. _9142612 |
|
| 700 | 0 |
_aMontero Moreno, Antonio, _d1928- _982533 |
|
| 710 | 2 |
_aAteneo de Santiago de Chile. _92026 |
|
| 852 | 4 |
_a BA _j2256-F-22 |
|
| 999 |
_c174435 _d174435 |
||